| 000 | 00425nam a2200157Ia 4500 | ||
|---|---|---|---|
| 008 | 230917s9999||||xx |||||||||||||| ||und|| | ||
| 020 | _cPOU4.5 | ||
| 040 |
_e3557 _aMAIN |
||
| 041 | _aEnglish | ||
| 082 | _a320.942 F862U | ||
| 100 | _aFraser, Derek | ||
| 245 | 0 | _aUrban politics in victorian England: The structure of politics in victorian cities | |
| 260 |
_aLondon _bMacmillan _c1976 |
||
| 300 | _a824 p. | ||
| 942 | _cBK | ||
| 999 |
_c216367 _d216367 |
||